000 00306nam a2200097Ia 4500
008 220204s9999 xx 000 0 und d
082 _a330.562
_bIMP.2
245 0 _aImport trade control policy for the year April 1975-March 1976, 1977-1978. V 2
260 _aDelhi
_bManager of Publications
_c1975
942 _cBK
999 _c23118
_d23118